Heitor Villa Lobos

Guardat en:
Dades bibliogràfiques
Autor principal: Mariz, Vasco (autor)
Format: Llibre
Idioma:portuguès
Publicat: Río de Janeiro Ministério das Relaçoes Exteriores 1949
Matèries:
Etiquetes: Afegir etiqueta
Sense etiquetes, Sigues el primer a etiquetar aquest registre!

MARC

LEADER 00000nam a2200000 a 4500
001 UCN2262
003 CL-VaPUC
008 010511e19490000BL |||||||||||||||||por|d
082 0 4 |a 780.92  |b MAR  |2 21 
100 |a Mariz, Vasco  |e autor  |9 522082 
245 1 0 |a Heitor Villa Lobos 
300 |a 159 p 
942 |c BK 
945 |d 20010511 00:00:00  |a crobeson 
260 |a Río de Janeiro  |b Ministério das Relaçoes Exteriores  |c 1949 
600 0 7 |a VILLA-LOBOS, HEITOR  |2 CL-VaPUC  |9 458066 
650 0 |a Compositores brasileños  |9 456840 
650 0 |a Música, siglo 20  |9 324961 
583 |a last modification  |c 20010511 00:00:00  |k Rodrigo Vera 
999 |c 295420  |d 295418 
952 |0 0  |1 0  |4 0  |6 780_920000000000000_MAR_1949  |7 0  |8 A  |9 348426  |a BIBEDU  |b BIBEDU  |d 2019-11-20  |i 1182900  |o 780.92 MAR 1949  |p 1182900  |r 2023-01-12  |w 2019-11-20  |y BK  |k MUS